Safarnama Rum wa Misr Wa Sham : / سفرنامۂ روم و مصر و شام (Record no. 27147)

MARC details
000 -LEADER
fixed length control field 00507nam a22001697a 4500
003 - CONTROL NUMBER IDENTIFIER
control field BDDh-ASL
005 - DATE AND TIME OF LATEST TRANSACTION
control field 20231015030730.0
008 - FIXED-LENGTH DATA ELEMENTS--GENERAL INFORMATION
fixed length control field 211026s1940 ii ||||| |||| 00| 0 u d
040 ## - CATALOGING SOURCE
Original cataloging agency BDDh-ASL
Transcribing agency BDDh-ASL
082 ## - DEWEY DECIMAL CLASSIFICATION NUMBER
Classification number 910
Item number NAS
100 1# - MAIN ENTRY--PERSONAL NAME
9 (RLIN) 4129
Personal name Nadwi, Masud Ali
245 10 - TITLE STATEMENT
Title Safarnama Rum wa Misr Wa Sham : / سفرنامۂ روم و مصر و شام
260 ## - PUBLICATION, DISTRIBUTION, ETC.
Place of publication, distribution, etc. Azamgarh :
Name of publisher, distributor, etc. Marif Press ,
Date of publication, distribution, etc. 1940 .
300 ## - PHYSICAL DESCRIPTION
Extent 242 p. :
Dimensions 25 cm.
650 #0 - SUBJECT ADDED ENTRY--TOPICAL TERM
9 (RLIN) 3535
Topical term or geographic name entry element Travels
General subdivision Travelogue
942 ## - ADDED ENTRY ELEMENTS (KOHA)
Source of classification or shelving scheme Dewey Decimal Classification
Koha item type Books
Holdings
Withdrawn status Lost status Source of classification or shelving scheme Damaged status Not for loan Collection code Home library Current library Shelving location Date acquired Source of acquisition Serial Enumeration / chronology Total Checkouts Full call number Barcode Date last seen Copy number Price effective from Koha item type
    Dewey Decimal Classification     Non-fiction Asiatic Society Library Asiatic Society Library General Stacks 10/26/2021 ASB Library Collection U-0586   910 NAS 113231 10/26/2021 C-1 10/26/2021 Books

Powered by Koha